000 00536nam a2200181Ia 4500
008 100920s9999 xx 000 0 und d
082 _b88079
_a200 0
100 _aदेवधर बापू वासुदेव.
245 _aसोन्याचे बोल.
260 _b---
_c0
300 _a92
_bसाधी
365 _b0
520 _aधार्मिक.
630 _aसोन्याचे बोल.
650 _aधार्मिक.
730 _aसोन्याचे बोल.
942 _cBOOK
999 _c728586
_d728583